Aspectos económicos, financieros y jurídicos que justifican una apertura a la banca comercial extranjera /

Gespeichert in:
Bibliographische Detailangaben
Körperschaften: Fundación salvadoreña para el desarrollo económico y social, FUSADES
Format: Text
Veröffentlicht: San Salvador: FUSEDES
Tags: Tag hinzufügen
Keine Tags, Fügen Sie den ersten Tag hinzu!

MARC

LEADER 00000 a a2200000 04500
001 23077
003
040
090 |a 159100  
110 |a Fundación salvadoreña para el desarrollo económico y social  
245 |a Aspectos económicos, financieros y jurídicos que justifican una apertura a la banca comercial extranjera /  |c Fundación salvadoreña para el desarrollo económico y social  
260 |a San Salvador:   |b FUSEDES  
300 |a 10 p.  
710 |a FUSADES  
999 |c 11648  |d 11648